000
00317nam a2200109Ia 4500
008
200302s9999 xx 000 0 und d
100
_a
M. Mukhopadhyay
245
_a
Matrix Finite Element, Computer and Structural Analysis 3rd ed.
260
_b
Oxford & IBH Publishing Co. Pvt. Ltd.
260
_c
1993
300
_a
423 P.,
999
_c
1078
_d
1078